Problemas actuales de derecho penal /
Guardado en:
| Formato: | Libro |
|---|---|
| Idioma: | Spanish |
| Publicado: |
Chile :
Imprenta Austral,
2003
|
| Etiquetas: |
Agregar Etiqueta
Sin Etiquetas, Sea el primero en etiquetar este registro!
|
| LEADER | 00353nam a22001095a 4500 | ||
|---|---|---|---|
| 001 | DER.der005053 | ||
| 005 | 20190315141340.0 | ||
| 008 | 180615s2003####ag#||||||||||||||#||spa|| | ||
| 245 | 1 | 0 | |a Problemas actuales de derecho penal / |c Universidad Católica de Temuco |
| 260 | |a Chile : |b Imprenta Austral, |c 2003 | ||
| 300 | |a 304 p. | ||
| 859 | |a DERECHO |b BIB. DERECHO |h 345 |i UNI |k 15 |p 005499 | ||
